Historia y representación /

Conjunto de ensayos filosóficos, en los que se analiza tanto el marxismo, la teoría crítica, como la obra del escritor Jorge Luis Borges, bajo los recursos metodológicos del estructuralismo y la historia intelectual.

Guardat en:
Dades bibliogràfiques
Autor principal: Sazbón, José (autor)
Format: Llibre
Idioma:espanyol
Publicat: Buenos Aires, Argentina : Universidad Nacional de Quilmes, 2002, c2002
Col·lecció:(Intersecciones UNQ)
Matèries:
Etiquetes: Afegir etiqueta
Sense etiquetes, Sigues el primer a etiquetar aquest registre!

MARC

LEADER 00000nam^a2200000^a^4500
001 000560999
005 20250521000000.0
009 20260310131914.149
020 |a 987-558-005-8 
037 |a Acervo ITESO - Biblioteca 
041 |a ESP 
082 |a 149. 96  |b SAZ 
100 |a Sazbón, José  |e (autor) 
245 1 0 |a Historia y representación /  |c J. Sazbón. 
264 4 |a Buenos Aires, Argentina :  |b Universidad Nacional de Quilmes,  |c 2002, c2002 
300 |a 419 p. 
336 |a texto  |b txt  |2 rdacontenido 
337 |a sin mediación  |b n  |2 rdamedio 
338 |a volumen  |b nc  |2 rdasoporte 
440 1 |a (Intersecciones UNQ) 
520 |a Conjunto de ensayos filosóficos, en los que se analiza tanto el marxismo, la teoría crítica, como la obra del escritor Jorge Luis Borges, bajo los recursos metodológicos del estructuralismo y la historia intelectual. 
649 |a XX 
650 |a Filósofos Alemanes 
650 |a Escritores Argentinos 
650 |a Escuela de Frankfurt -  |x Historia y Crítica 
650 |a Estructuralismo -  |x Historia y Crítica -  |x Tema Principal 
650 |a Marxismo -  |x Historia y Crítica 
650 |a Literatura Argentina -  |x Historia y Crítica 
650 |a Literatura Argentina -  |y Siglo XIX 
650 |a Literatura Argentina -  |y Siglo XX 
650 |a Filosofía y Literatura -  |x Historia y Crítica 
650 |a Filosofía del Siglo XIX -  |x Historia y Crítica 
650 |a Filosofía Alemana -  |x Historia y Crítica 
650 |a Filosofía Argentina 
650 |a Benjamin, Walter 
650 |a Sarmiento, Domingo Faustino 
650 |a Borges, Jorge Luis 
910 |a Fondo Castillo-Martínez 
920 |a Impresos - Libros 
930 |a Fondos Especiales 
905 |a 127 
901 |a 0500344040  |b IT2  |c ESP  |i D125631  |u 20250521 
902 |a https://opac.biblio.iteso.mx/vufind/Record/000560999